Loading...
| Science - Physics | 0 | 5 | 2 | 0 | 40 | 72 | 101.60 | 3 | 5 |
| Literature - American Literature | 1 | 0 | 0 | 0 | 15 | 66 | 66.00 | 1 | 1 |
| Chemistry> | 0 | 1 | 0 | 0 | 10 | 90 | 90.00 | 0 | 1 |
| Geography | 0 | 1 | 0 | 0 | 10 | 122 | 122.00 | 0 | 1 |
| Other Science: Computer Science | 0 | 1 | 0 | 0 | 10 | 115 | 115.00 | 1 | 1 |
| Social Science | 0 | 1 | 0 | 0 | 10 | 134 | 134.00 | 0 | 1 |
| 0 | 1 | 0 | 0 | 10 | 105 | 105.00 | 0 | 1 | |
| Science - Biology | 0 | 1 | 1 | 0 | 5 | 121 | 121.00 | 0 | 1 |
| Science - Chemistry | 0 | 1 | 1 | 0 | 5 | 81 | 81.00 | 0 | 1 |
| Other Science: Math | 0 | 1 | 1 | 0 | 5 | 90 | 90.00 | 1 | 1 |
| Other Science: Astronomy | 0 | 0 | 1 | 0 | -5 | 0.00 | 0 | 0 | |
| Other Academic | 0 | 0 | 1 | 0 | -5 | 0.00 | 0 | 0 |